Biblioteca

Segundo encuentro nacional de promotores de letura / Luis Bernardo Yepes. compiladora de las memorias Gloria María Rodríguez Santa María (Registro nro. 49282)

Detalles MARC
000 -LÍDER
Campo fijo de descripción fija 004050000a22001330004500
082 04 - NÚMERO DE CLASIFICACIÓN DECIMAL DEWEY
Número de clasificación Y43s
001 - NÚMERO DE CONTROL
Campo de control 2135
100 1# - ASIENTO PRINCIPAL--NOMBRE PERSONAL
Nombre personal Yepes, Luis Bernardo
245 10 - TÍTULO
Título del Material Segundo encuentro nacional de promotores de letura / Luis Bernardo Yepes. compiladora de las memorias Gloria María Rodríguez Santa María
260 ## - PUBLICACIÓN, DISTRIBUCIÓN, ETC. (PIE DE IMPRENTA)
Lugar de publicación, distribución, etc. Medellin : Comfenalco
300 ## - DESCRIPCIÓN FÍSICA
Extensión 146 P.
650 14 - ASIENTO SECUNDARIO DE MATERIA - TERMINO TEMÁTICO
Término temático o nombre geográfico como elemento de entrada Promoción de lectura
942 ## - TIPO DE MATERIAL (KOHA)
Tipo de Item KOHA Z- Libro General BINCO
Existencias
Estado de Material Estado de Perdido Volumen-Parte/Tomo Estado de Dañado No para Préstamo Tomo Biblioteca de Origen Biblioteca Permanente Fecha de Adquisición Total de Préstamos Signatura Topográfica Código de Barras Última vez visto Ejemplar/Existencia Fecha de Remplazo Tipo de Material
            Biblioteca Infantil Comunitaria BINCO Biblioteca Infantil Comunitaria BINCO 01/07/2010   Y43s B32789 24/11/2016 1 26/01/2016 Z- Libro General BINCO

Biblioteca FUSBC | Teléfono: (57+4) 349 88 10 Ext. 141| WhatsApp (+57) 3005338115 
E-mail: biblioteca@unisbc.edu.co | Calle 76 87-14 Robledo Palenque, Medellín, Colombia

Con tecnología Koha